Randomizacija i statističeskij vyvod
Uložené v:
| Hlavný autor: | |
|---|---|
| Ďalší autori: | |
| Médium: | Kniha |
| Jazyk: | Russian |
| Vydavateľské údaje: |
Moskva
Finansy i statistika
1986
|
| Vydanie: | 1. izd. |
| Edícia: | Monografija
|
| Tagy: |
Žiadne tagy, Buďte prvý, kto otaguje tento záznam!
|
MARC
| LEADER | 00000nam a2200000 4500 | ||
|---|---|---|---|
| 001 | c024280 | ||
| 005 | 20221220074111.7 | ||
| 041 | 0 | |a rus | |
| 044 | |a RU | ||
| 245 | 1 | 0 | |a Randomizacija i statističeskij vyvod |c Jelena Vladimirovna Markova, Anatolij Andrejevič Maslak |
| 250 | |a 1. izd. | ||
| 264 | 1 | |a Moskva |b Finansy i statistika |c 1986 | |
| 300 | |a 206 s. | ||
| 490 | 1 | |a Monografija | |
| 830 | 0 | |a Monografija | |
| 100 | 1 | |a Markova, Jelena Vladimirovna | |
| 700 | 1 | |a Maslak, Anatolij Andrejevič | |